[Event "FIDE World Cup"]
[Site "Khanty-Mansiysk"]
[Date "2005.12.10"]
[Round "5.2"]
[White "Gurevich, Mikhail"]
[Black "Aronian, Levon"]
[Result "0-1"]
[WhiteElo "2652"]
[BlackElo "2724"]
[Annotator "Finkel,A"]
[PlyCount "114"]
[EventDate "2005.11.27"]
[EventType "k.o."]
[EventRounds "7"]
[EventCountry "RUS"]
[SourceTitle "CBM 111"]
[Source "ChessBase"]
[SourceDate "2006.04.04"]
[SourceVersion "1"]
[SourceVersionDate "2006.04.04"]
[SourceQuality "1"]

1. d4 Nf6 2. c4 e6 3. Nc3 Bb4 4. Qc2 O-O 5. a3 Bxc3+ 6. Qxc3 b6 7. Nf3 Bb7 8.
Bg5 d6 9. Nd2 c5 10. dxc5 bxc5 11. e3 Nbd7 12. f3 (12. Bd3 h6 13. Bh4 Qb6 14.
O-O d5 {after} 15. f3 (15. cxd5 $5 exd5 16. Bf5 d4 17. exd4 cxd4 18. Qh3 Ne5
19. Bg3 $6 Qb5 $1 $15 {Roiz,M-Efimenko,Z/Rethymnon 2003}) 15... a5 (15... d4 $6
16. exd4 cxd4 17. Qc2 a5 18. b4 $1 $36) (15... e5 16. Qc2 d4 17. exd4 exd4 18.
b4 a5 19. bxc5 Nxc5 20. Rab1 Qc6 21. Nb3 Nxb3 22. Qxb3 Ba6 23. Rfc1 Rfe8 24.
Bf2 $14 {Erdos,V-Farago,I/1st GM, Nagykanizsa HUN 2003}) 16. Bf2 a4 17. Rfe1
Rfe8 18. Rab1 Ba6 19. Qc2 Ne5 20. Bf1 $14 {Kramnik,V-Anand,V/Linares 1998})
12... Re8 $5 (12... Qb6 13. Bd3 a5 14. O-O a4 (14... d5 15. Rac1 d4 16. Qc2
dxe3 17. Bxe3 Ne5 18. Be2 a4 19. Rb1 Qc7 $13 {Erdos,V-Akesson,R/Paks 2005}) 15.
Qc2 Bc6 16. Rfe1 h6 17. Bh4 d5 18. Rab1 d4 19. Bf2 e5 20. Bf5 Rfe8 21. h3 g6
22. Bd3 Kg7 $132 {Sasikiran,K-Almasi,Z/Bastia 2005}) 13. Bd3 Qb6 14. Bh4 {
The bishop is coming to f2 to deal with d5-d4 ideas.} d5 15. Bf2 a5 16. b3 $6 {
Usually White doesn't react on Black's threat to fix White's pawn on b2 by the
means of a4. After the move in the game Black gets a very comfortable position.
} a4 $1 17. b4 e5 18. O-O e4 $1 ({Nothing promised} 18... d4 $6 19. exd4 exd4
20. Qc2 Ne5 21. Rab1 $14) 19. fxe4 ({May be White should've prefered} 19. Be2
exf3 (19... cxb4 20. Qxb4 Qxb4 21. axb4 dxc4 22. Nxc4 $11) 20. Bxf3 Ne5 {
even though Black keeps a dangerous initiative after} 21. bxc5 Qxc5 22. e4
Nxf3+ 23. gxf3 Qc8 24. Bd4 dxe4 25. Bxf6 e3 26. Bxg7 Ra6 $1 $36) 19... dxc4 $5
{[%csl Re4] Aronian isn't satisfied with equality after} (19... cxb4 20. Qxb4
Qxb4 21. axb4 dxc4 22. Nxc4 Bxe4 23. Be2 $11) 20. Nxc4 Qe6 21. Bg3 $2 {This
move leads to an extremely unpleasant endgame with a pawn down, so better was}
(21. b5 Nxe4 22. Qc2 $132) 21... Nxe4 22. Bxe4 (22. Qe1 Bd5 23. Rc1 cxb4 24.
axb4 Rec8 25. Na3 Rxc1 26. Qxc1 Nxg3 27. hxg3 Nf6 $17) 22... Qxe4 23. Rf2 cxb4
24. Qxb4 Bd5 $1 {Forcing a transposition to the above-mentioned endgame with
an extra pawn.} 25. Rd1 (25. Nd6 $143 Qxb4 26. axb4 Rxe3 $17) 25... Qxc4 26.
Qxc4 Bxc4 27. Rxd7 Rxe3 $17 {It's very difficult to win this endgame with
Black, but it's even more difficult to hold this position as White!} 28. Rfd2
h6 29. Rd8+ {May be White shouldn't hurry with this trade, but it's not too
important since at some point Black would force it anyway.} Rxd8 30. Rxd8+ Kh7
31. Rd4 Bb5 32. Bd6 Re1+ 33. Kf2 Re2+ 34. Kf3 Rc2 $1 {Forcing White to put his
g-pawn on the light square.} 35. g4 (35. h4 $2 Bc6+ $19) 35... g5 36. Ke3 (36.
Rb4 Rc3+ 37. Ke4 Rb3 38. Rxb3 $140 axb3 39. Be5 Bd7 40. h3 Bc6+ 41. Kd3 Bg2 $19
) 36... Kg6 37. Rd5 Bd7 38. Rd4 h5 39. gxh5+ Kxh5 40. Bb4 Bc6 41. Rd2 Rc4 42.
Rd4 Rc1 43. Rd8 Bg2 $1 $19 {Not allowing White to trade his h-pawn for the
black pawn on g5.} (43... f5 $5 44. Rh8+ Kg4 45. h3+ Kg3 46. Rg8 f4+ 47. Kd2
Rb1 48. Rxg5+ Kxh3 $19) 44. Rd2 Bh3 45. Rd8 f5 46. Rh8+ Kg4 47. Ra8 f4+ 48. Kd2
Rh1 49. Rxa4 Rxh2+ 50. Kc3 Re2 51. Bd6 Bg2 52. Rd4 Be4 53. Rd1 Bc6 54. Rd4 Kf5
55. Rc4 Be4 56. Rc5+ Kg4 57. Be7 Bf5 {Excellent technique by the World Cup
winner!} 0-1

[Event "Corus"]
[Site "Wijk aan Zee"]
[Date "2006.01.19"]
[Round "5"]
[White "Aronian, Levon"]
[Black "Adams, Michael"]
[Result "1/2-1/2"]
[WhiteElo "2752"]
[BlackElo "2707"]
[Annotator "CB"]
[PlyCount "114"]
[EventDate "2006.01.14"]
[EventType "tourn"]
[EventRounds "13"]
[EventCountry "NED"]
[EventCategory "19"]
[SourceTitle "CBM 111"]
[Source "ChessBase"]
[SourceDate "2006.04.04"]
[SourceVersion "1"]
[SourceVersionDate "2006.04.04"]
[SourceQuality "1"]

1. d4 Nf6 2. c4 e6 3. Nc3 Bb4 4. e3 O-O 5. Nge2 d5 6. a3 Be7 7. cxd5 exd5 8. b4
Bf5 9. f3 h6 10. Ng3 Bg6 11. Bd3 Bd6 12. Nf5 Nc6 13. Qc2 Bxf5 14. Bxf5 a5 15.
b5 Ne7 16. Bh3 Nh7 17. g3 c5 18. bxc6 bxc6 19. O-O c5 20. dxc5 Bxc5 21. Kh1 Ng5
22. Bg2 Rc8 23. f4 Ne4 24. Bxe4 dxe4 25. Rd1 Qe8 26. Qxe4 Rc6 27. Qf3 Qa8 28.
Rd3 Rd8 29. Rxd8+ Qxd8 30. Rb1 Bxa3 31. Bxa3 Rxc3 32. Rd1 Qe8 33. Bxe7 Qxe7 34.
Qa8+ Kh7 35. e4 Re3 36. e5 Qb4 37. Qd5 a4 38. f5 Re1+ (38... Qg4) (38... Re2 $1
39. f6 Qb2 40. Kg1 Rxh2 41. Qf3 Re2 $1 42. fxg7 Qxe5) 39. Rxe1 Qxe1+ 40. Kg2
Qe2+ 41. Kg1 Qe1+ 42. Kg2 Qe2+ 43. Kg1 a3 44. Qxf7 Qe1+ 45. Kg2 Qxe5 46. Qa7
Qb2+ 47. Kh3 Kg8 48. Qe3 Kf8 49. Qc5+ Ke8 50. Qc8+ Ke7 51. Qc7+ Kf6 52. Qd6+
Kxf5 53. Qd5+ Kf6 54. Qd6+ Kf7 55. Qd7+ Kg6 56. Qd3+ Kf7 57. Qd7+ Kf6 1/2-1/2

[Event "Corus"]
[Site "Wijk aan Zee"]
[Date "2006.01.24"]
[Round "9"]
[White "Aronian, Levon"]
[Black "Tiviakov, Sergei"]
[Result "1/2-1/2"]
[WhiteElo "2752"]
[BlackElo "2669"]
[Annotator "Tiviakov,S"]
[PlyCount "104"]
[EventDate "2006.01.14"]
[EventType "tourn"]
[EventRounds "13"]
[EventCountry "NED"]
[EventCategory "19"]
[SourceTitle "CBM 111"]
[Source "ChessBase"]
[SourceDate "2006.04.04"]
[SourceVersion "1"]
[SourceVersionDate "2006.04.04"]
[SourceQuality "1"]

1. d4 Nf6 2. c4 e6 3. Nf3 b6 4. g3 Bb7 5. Bg2 c6 $5 6. O-O Be7 7. Nbd2 d5 8.
Qc2 Nbd7 9. e4 O-O 10. Re1 $6 (10. e5 $142) 10... dxe4 11. Nxe4 c5 12. Nxf6+ (
12. Nc3 cxd4 13. Nxd4 Bxg2 14. Kxg2 Rc8 15. b3 Bc5 16. Nf3 Qc7 17. Bb2 Qb7 18.
Ne4 Be7 19. Rad1 Nxe4 20. Qxe4 Qxe4 21. Rxe4 Nf6 22. Ree1 Rfd8 23. Ne5 Rd6 24.
Rxd6 Bxd6 25. Rd1 Ne8 26. f4 g6 27. Rd2 Kf8 28. Kf1 Ke7 29. Ke2 f5 30. Nf3 Bb4
31. Rd1 Rc7 32. Ng5 h5 33. Nf3 Bd6 34. Nd4 a6 35. Rd3 Bc5 36. Nf3 Bd6 37. Kd1
Rc8 38. Re3 Nf6 39. Ng5 Ne4 40. Nxe4 fxe4 41. Rxe4 Bc5 42. a3 Rd8+ 43. Kc2 a5
44. Re2 Rd7 45. Re4 Rd8 46. Kc3 Bg1 47. h3 Bf2 48. g4 hxg4 49. hxg4 Rf8 50. b4
axb4+ 51. axb4 Kd6 52. Kd3 Bg3 53. Be5+ Ke7 54. Ke2 Ra8 55. Bd4 Re8 56. Kf3 {
1-0 Caoili,A-Safarian,A/Canberra 2003/CBM 093 ext (56)}) 12... Bxf6 $146 (12...
Nxf6 13. dxc5 (13. b4 $2 cxd4 14. a3 d3 15. Qa2 Qc7 16. Bf4 Bd6 17. Bxd6 Qxd6
18. Rad1 Rac8 19. Ne5 Bxg2 20. Kxg2 Rfd8 21. Rxd3 Qc7 22. Qd2 Rxd3 23. Qxd3 Rd8
24. Qe2 Qd6 25. Kf1 h6 26. Qe3 Nd7 27. c5 bxc5 28. Nxd7 Rxd7 29. Qxc5 Qxc5 {
1/2-1/2 Luetzen,P-Reinert,J/Passau 1999/EXT 2000 (29)}) 13... Bxc5 $11 (13...
bxc5 $5) 14. Be3 (14. Bg5 Be7 15. Rad1 {1/2-1/2 Gacso,T-Timar,Z/Aggtelek 1999/
EXT 2001 (15)}) 14... Be4 (14... Qc7 15. Bxc5 Qxc5 16. Qe2 Rac8 17. Ne5 Bxg2
18. Kxg2 Rfd8 19. Rad1 Qc7 20. b3 Nd7 21. Nxd7 Rxd7 22. Rxd7 Qxd7 23. Rd1 Qc6+
24. Qf3 Kf8 25. Qxc6 Rxc6 26. Rd7 a6 27. Rb7 e5 28. Kf3 Rf6+ 29. Ke3 e4 30. h4
g6 31. Kxe4 Rxf2 32. a4 Re2+ 33. Kd5 Re3 34. Rxb6 Rxg3 35. c5 f5 36. c6 Ke7 37.
Rb7+ Kd8 38. Kc5 Rc3+ 39. Kd5 f4 40. b4 f3 41. Rf7 Ke8 42. Rf4 h6 43. b5 axb5
44. axb5 g5 45. hxg5 hxg5 46. Rf5 g4 47. b6 Kd8 48. Rf8+ Ke7 49. b7 Kxf8 50.
b8=Q+ Kf7 51. Qf4+ {1-0 Fillon,D-Cwiek,L/Condom FRA 2005/The Week in Chess 558
(51)}) 15. Qc3 Bxe3 16. Qxe3 Qc7 17. b3 Rad8 18. Red1 Rd6 19. Rxd6 Qxd6 20. Qd4
Qxd4 21. Nxd4 Rd8 22. Bxe4 Nxe4 23. Nf3 g5 24. h3 h5 25. Re1 f5 26. Re2 Kg7 27.
Rc2 Kf6 28. h4 g4 29. Ne1 e5 30. Re2 Rd1 31. Kg2 Nd2 {0-1 De Vita,
C-Wolfsteiner,H/Seefeld 2003/CBM 097 ext (31)}) 13. Ng5 (13. dxc5 Nxc5 $15)
13... Bxg5 14. Bxb7 Rb8 15. Be4 $6 (15. Bxg5 $142 Qxg5 16. Bc6 Rbd8 $11 (16...
Rfd8 $5)) 15... Bxc1 16. Bxh7+ (16. Raxc1 Nf6 17. dxc5 bxc5 $15) 16... Kh8 17.
Raxc1 Nf6 18. Be4 Qxd4 $15 {[ץe4, d4]} 19. Rcd1 Qe5 20. Bf3 Qc7 21. Rd3 Rbd8
22. Red1 Kg8 (22... g6 $5 {/\Kg7}) (22... Rfe8 $5 {/\Rd3, Re7-d7}) 23. Kg2 g6
24. h4 Rfe8 {[/\Rd3, Re7-d7]} 25. g4 $5 Rxd3 26. Qxd3 Qf4 (26... Re7 27. Qd8+
Qxd8 28. Rxd8+ Kg7 $11) 27. Qe2 (27. g5 $2 Ng4 $17) (27. Qe3 $142 $5 Qxe3 (
27... Qxc4 $140 28. h5 $44) 28. fxe3 Re7 29. g5 Nd7 $13) 27... g5 28. Qd2 (28.
Qe3 Qxe3 29. fxe3 gxh4 30. Kh3 Re7 $15) 28... Qxd2 29. Rxd2 gxh4 30. Kh3 Re7
31. Rd8+ (31. Kxh4 Rd7 32. Rxd7 Nxd7 $15) 31... Kg7 32. Rd1 Nd7 (32... Rd7 $4
33. g5 $18) 33. Kxh4 Ne5 34. Be2 Nc6 (34... Rd7 35. Rxd7 Nxd7 $15 {/ =}) 35.
Rd6 Rc7 (35... Nd4 36. Bd3 Kf6 37. f4 Rc7 38. Rd8 Ke7 39. Ra8 $13) 36. g5 (36.
Kg5 $5) 36... Kf8 37. Bg4 Ke7 38. Rd1 Rd7 $6 (38... Rc8 $142 39. Kg3 Rh8 $15 {
/\Nd4, a6, b5}) (38... Nd4 $6 39. Kg3 Rc8 $140 40. Rh1 $132) 39. Rxd7+ Kxd7 40.
f4 Ke7 41. Be2 Nd4 42. Bd3 Kf8 43. Kg4 Kg7 44. Kh4 f5 (44... f6 $5 {/\e5}) 45.
Kh5 $11 Nc6 46. Kh4 Nb4 (46... Ne7 47. Bc2 Ng6+ (47... Kg6 48. Ba4 {/\Be8}) 48.
Kg3) 47. Bb1 Kg6 48. a3 Nc6 49. Bc2 Nd4 50. Bd1 Kg7 51. Kg3 Kg6 52. Kh4 Kg7
1/2-1/2

[Event "Morelia/Linares 23rd"]
[Site "Morelia/Linares"]
[Date "2006.02.22"]
[Round "4"]
[White "Vallejo Pons, Francisco"]
[Black "Aronian, Levon"]
[Result "1/2-1/2"]
[WhiteElo "2650"]
[BlackElo "2752"]
[Annotator "CB"]
[PlyCount "39"]
[EventDate "2006.02.18"]
[EventType "tourn"]
[EventRounds "14"]
[EventCountry "ESP"]
[EventCategory "20"]
[SourceTitle "CBM 112"]
[Source "ChessBase"]
[SourceDate "2006.06.07"]
[SourceVersion "1"]
[SourceVersionDate "2006.06.07"]
[SourceQuality "1"]

1. Nf3 Nf6 2. c4 b6 3. g3 c5 4. Bg2 Bb7 5. O-O g6 6. Nc3 Bg7 7. d4 cxd4 8. Qxd4
d6 {Without fearing any ghosts, Aronian repeats the variation that led him to
defeat against Ivanchuk.} 9. Be3 Nbd7 10. Rac1 Rc8 11. b3 a6 12. Rfd1 O-O 13.
Qh4 Rc7 {#} 14. g4 ({White usually advances the g-pawn only after
over-defending the g4-square:} 14. Bh3 Qb8 15. g4) 14... h6 $1 {Now, this calm
moves puts a stop to White's king side activity.} 15. Bxh6 Bxh6 16. Qxh6 Nxg4
17. Qh4 Ngf6 18. Qh6 {The threat Rd4-h4 forces Black to agree to a draw by
repetition.} Ng4 19. Qh4 Ngf6 20. Qh6 1/2-1/2

[Event "World-ch Tournament"]
[Site "Mexico City"]
[Date "2007.09.21"]
[Round "8"]
[White "Aronian, Levon"]
[Black "Morozevich, Alexander"]
[Result "1/2-1/2"]
[WhiteElo "2750"]
[BlackElo "2758"]
[Annotator "Marin,M"]
[PlyCount "138"]
[EventDate "2007.09.13"]
[EventType "tourn"]
[EventRounds "14"]
[EventCountry "MEX"]
[EventCategory "21"]
[SourceTitle "CBM 120"]
[Source "ChessBase"]
[SourceDate "2007.10.02"]
[SourceVersion "1"]
[SourceVersionDate "2007.10.02"]
[SourceQuality "1"]

1. d4 Nf6 2. c4 e6 3. Nf3 b6 4. g3 Bb7 5. Bg2 Be7 6. Nc3 Ne4 7. Bd2 f5 8. d5
Bf6 {Despite his defeat in the game against Gelfand, Morozevich seems to
maintain his faith in this variation. A pesar de su derrota en la partida
contra Gelfand, Morozevich parece mantener la confíanza en esta variante.} 9.
Qc2 Na6 ({Deviating from Desvíandose de} 9... Qe7 {, as he played in the
aforementioned game. , como había jugado en dicha partida.}) 10. Nxe4 fxe4 11.
Qxe4 Nc5 ({Against} 11... Bxb2 {White's rook has a choice (see also the
similar situation from the game Gelfand-Morozevich)} 12. Rd1 {Atalik,S (2525)
-Greenfeld,A (2555)/Beijing 1996/CBM 054 ext/[Atalik] (1-0, 55)} (12. Rb1 {
Kiselev,S (2485)-Ionescu,C (2515)/Bucharest 1997/CBM 060/[Hecht] (1-0, 60)}))
12. Qe3 O-O $5 {Instead of retrieving the sacrificed pawn, Morozevich opts for
rapid development. Optically speaking, his compensation looks obvious, but the
absence of significant weaknesses in White's position will allow him
neutralize Black's initiative in the next phase of the game. En vez de
recuperar el peón entregado, Morozevich opta por un desarollo rápido de sus
figuras. Opticamente, su compensación parece obvía, pero la falta de
debilidades en la posición de las blancas les permitirá neutralizar la
iniciativa delas negras en la fase siguíente de la partida.} (12... Bxb2 13.
Rb1 Qf6 {leaves Black hanging somewhat. Here is a perfect illustration of
White's ideas:} 14. O-O O-O 15. Bb4 d6 16. g4 $1 {Suddenly, the a1-h8 diagonal
is not long enough.} g6 17. g5 Qg7 {It became longer now, but also... weaker.}
18. Rxb2 $1 Qxb2 19. Bc3 Qa3 20. Qd4 e5 {Not really a stonewall.} 21. Nxe5 $1
dxe5 22. Qxe5 Kf7 23. Qg7+ Ke8 24. d6 cxd6 25. Bxb7 $18 {Sulava,N (2420)-Drei,
A (2310)/Forli 1995/EXT 2002 (1-0, 48)}) 13. dxe6 $146 {Practically forced,
because White cannot defend his central pawn in a satisfactory way.} (13. Bb4
$6 exd5 $1 14. Bxc5 bxc5 15. cxd5 Bxd5 16. Qxc5 c6 17. O-O Qb6 $15 {Lerner,K 
(2524)-Arlinsky,U (2295)/Givataim 2007/CBM 118 ext (1-0, 44). Black will win
at least one of the queenside pawns, when his active bishops will offer him
excellent play.}) 13... Re8 14. Qa3 Qe7 {Aiming to attack e2 and c4 at the
same time.} (14... Rxe6 15. Be3 {looks OK for White.}) 15. Be3 (15. O-O Qxe6 {
[%csl Yc4,Ye2]}) 15... Qxe6 16. Rc1 Ne4 17. O-O Nd6 {This looks like too much
moving around with the knight to be really good, but I cannot see an effective
way to prove Black's compensation anyway.} 18. Bd4 $5 {Aronian decides to
neutralize Black's pressure along the long diagonal.} (18. b3 Nf5 19. Bf4 $14 {
would have preserved the material advantage, with rather questionable
compensation for Black.} Qxe2 $2 20. Rce1 $1 $16 Qd3 $2 21. Rxe8+ Rxe8 22. Ne1
$1 $18) 18... Be7 {[%cal Ge7a3]} (18... Qxe2 $2 19. Rfe1 $18) (18... Nxc4 19.
Qd3 b5 20. Bxf6 Qxf6 21. b3 Nb6 22. Rxc7 $16) 19. c5 {Probably too optimistic.}
(19. Qc3 $5) (19. Qd3 $5 Be4 20. Qc3) 19... Ne4 20. Nd2 Nxd2 $2 {This was
Aronian's idea.} (20... bxc5 $1 {would have won the pawn back with an active
central position.}) 21. Bxb7 Rab8 22. Rfd1 Rxb7 23. Rxd2 Reb8 24. Qe3 (24. b3
$1 $16 {would have maintained the extra-pawn without any compensation for
Black. Just look at his rooks, they are doubled on a file where there is
nothing to do!}) 24... bxc5 25. Qxe6+ dxe6 26. Bxc5 {(?!) (?!)} ({It is hard
to refrain from "winning" the pawn again, of course, but the drawish tendency
of rook endings is well known. One important alternative was Por supuesto, es
difícil abstenerse de "ganar" el peón otra vez, pero la tendencía de tablas de
los finales de torres es bien conocida. Una alternativa importante era} 26. Bc3
{, maintaining White's advantage intact, because of his better structure, more
active bishop and the control over the only open file. , manteniendo la
ventaja de las blancas intacta, en vista de su mejor estructura, alfil más
activo y control de la única línea abierta.}) 26... Bxc5 27. Rxc5 Rxb2 28. Rd7
{Threatening to invade the seventh rank. Amenazando con invadir la séptima
línea.} Rc8 29. a4 $6 ({The ending resulting after this move offers White no
winning chances at all. A slightly more promising ending could have been
obtained with El final que resulta después de esta jugada no ofrece a las
blancas ninguna posibilidad de ganar. Un final algo más prometedor se
obtendría con} 29. Re5 Rb6 30. Rg5 $1 {Forcing Black to weaken his seventh
rank. Forzando a las negras a que debiliten la séptima línea.} g6 31. Rc5 Rb2
32. e3 Rxa2 33. Rdxc7 Rxc7 34. Rxc7 {Despite material equality, Black's
position is not easy to defend, because of his numerous weaknesses. In his day,
Akiba Rubinstein was a great expert in this kind of position. A more recent
example where this structure arised is Karpov - Hort, Waddinxveen 1979, in
which White won. A pesar de la igualdad material, la posición de las negras no
es fácil, por las numerosas ebilidades de peones. En sis mejores días, Akiba
Rubinstein era un gran experto en este tipo de posiciones. Un ejemplo mas
reciente es la partida Karpov - Hort, Waddinxveen 1979, ganada porlas blancas.}
) 29... Rxe2 30. Rcxc7 Rxc7 31. Rxc7 a6 32. Ra7 Ra2 33. Rxa6 e5 34. a5 e4 35.
Ra7 h5 36. h4 {The importance of the lack of flexibility induced by this move
will become obvious at a later stage. La importancía de la falta de
flexibilidad causadapor esta jugada resultará clara mas adelante.} Kh7 37. a6
Ra1+ 38. Kg2 Ra2 {There was no need to leave the king escape from g2 yet.} (
38... Kg6) 39. Kf1 Kg6 40. Ra8 Kh7 41. a7 g6 ({The weakening of the seventh
rank will not change the evaluation of the position, but the more prudent} 
41... Kg6 {was also possible.}) 42. Ke1 Kg7 43. Kd1 Ra1+ 44. Kc2 Ra2+ 45. Kb3
Ra1 46. Kc4 Ra2 47. Kd4 Ra1 $1 ({An important moment. Keeping the central pawn
defended with Un momento importante. Mantener el peón central defendido con} 
47... Ra4+ 48. Kd5 Kh7 $2 {would lose after perderíapor} 49. Kc6 $1 {
(Threatening Kb6) (amenazando con Kb6!)} Ra1 50. Rd8 Rxa7 51. Rd7+ Rxd7 52.
Kxd7 {with an easily won pawn ending. con un final de peones facilmente ganado.
}) 48. Kxe4 {As I have mentioned in my comments to the earlier game Anand -
Kramnik, this ending is drawn. The time has come to explain my comment on
White's 36.h4. With the pawn on h3 or h2, White could have created a passed
pawn on the f-file, which would ensure an easy win. However, Black could have
prevented this undesirable outcome by advancing his g-pawn to g4, immediately
after White's 41.a7. Como he mencionado anteriormente, en mis comentaríos de
la partida Anand - Kramnik, este final son tablas. Ha llegado la hora de
explicar mí breve comentarío después de 36.h4. Con su peón en h2 o h3 todavía,
las blancas podían haber creado un peón pasado en la línea de f, lo que les
aseguraría la victoría. Sin embargo, las negras podían haber evitado este
desenlace indeseable con avanzar su peón de g hasta g4, inmediatamente después
de 41.a7.} ({The plan to exchange rooks does not work out if the black king is
well placed (on g7). For instance} 48. Kc5 Ra2 49. Kb6 Rb2+ 50. Kc6 Ra2 (50...
Rc2+ 51. Kd6 Rd2+ 52. Ke6 Ra2 53. Re8 Ra6+ $1 $11 {followed by ...Rxa7.}) 51.
Rd8 Rxa7 52. Rd7+ Rxd7 53. Kxd7 Kf6 54. Kd6 g5 55. hxg5+ Kxg5 56. Ke5 e3 57.
fxe3 Kg4 $11) 48... Ra4+ 49. Kf3 Ra3+ 50. Kg2 Ra2 51. Kh3 Ra3 52. f3 Kh7 53.
Kg2 Ra2+ 54. Kf1 Ra1+ 55. Ke2 Ra2+ 56. Kd3 Kg7 57. Kc4 Ra1 58. Kc5 Rc1+ 59. Kd6
Rd1+ 60. Ke5 Ra1 61. Kf4 Ra4+ 62. Ke5 Ra1 63. f4 Ra2 64. f5 gxf5 65. Kf4 Ra5
66. Re8 Rxa7 67. Kxf5 Rf7+ 68. Ke4 Rf1 69. Re5 Kg6 1/2-1/2